000 00446nam a2200181Ia 4500
000 00746ngmaa2200277 a 4500
003 RNL
006 g||||fr|||| a0| fz
007 hj bfb|||baap
008 090707b ii f a fnsan d
040 _aeng
100 _aJagtar Singh
245 _aPunjabi de parsidh kissa-kav da shabad kosh
260 _aPatiala
260 _bPublication Bureau, Punjabi University
260 _c2005
942 _cBK
999 _c21860
_d21860